From Brand Vision to Brand Evaluation (Record no. 2797)

MARC details
000 -LEADER
fixed length control field 00356nam a22001457a 4500
008 - FIXED-LENGTH DATA ELEMENTS--GENERAL INFORMATION
fixed length control field 250402b |||||||| |||| 00| 0 eng d
020 ## - INTERNATIONAL STANDARD BOOK NUMBER
ISBN 9780750667474
100 ## - MAIN ENTRY--AUTHOR
Author CHERNATONY Leslie
245 ## - TITLE STATEMENT
Title From Brand Vision to Brand Evaluation
250 ## - EDITION STATEMENT
Edition statement 2
260 ## - PUBLICATION, DISTRIBUTION, ETC. (IMPRINT)
Place of publication Oxford UK.
Name of publisher Elsevier
Date of publication 2009
300 ## - COLLATION
Pagination x, 318p.
942 ## - ADDED ENTRY ELEMENTS (KOHA)
Item type Books
050 ## - LIBRARY OF CONGRESS CALL NUMBER
Classification number HD69
Item number .C44
Holdings
Source of classification or shelving scheme Not for loan Permanent location Current location Date acquired Accession No. Full call number Barcode. Koha item type
Library of Congress Classification   Samuel Ogbemudia Main Library, University of Abuja Samuel Ogbemudia Main Library, University of Abuja 04/02/2025 2008/36649 HD69.C44 2025-1103 Books